Passion and power : sexuality in history /

Bibliographic Details
Other Authors: Peiss, Kathy, Leigh, Lora, Padgug, Robert A.
Format: Book
Language:English
Published: Philadelphia : Temple University Press, 1989.
Series:Critical perspectives on the past.
Subjects:

MARC

Tag First Indicator Second Indicator Subfields
LEADER 00000cam a22000008a 4500
001 in00000760139
005 20151017052308.0
008 880614s1989 pauacf b 00000 eng
010 |a  88021670  
020 |a 0877225966 (alk. paper) 
035 |a (OCoLC)18192444 
035 |9 ADK9714AM 
040 |a DLC  |c DLC  |d TXA  |d UtOrBLW 
043 |a n-us--- 
049 |a TXAM  |c [A11760385] 
050 0 0 |a HQ18.U5  |b P37 1989 
082 0 |a 306.7/0973  |2 19 
245 0 0 |a Passion and power :  |b sexuality in history /  |c edited by Kathy Peiss and Christina Simmons with Robert A. Padgug. 
263 |a 8905 
264 1 |a Philadelphia :  |b Temple University Press,  |c 1989. 
300 |a 319 pages, 1 unnumbered page of plates :  |b illustrations, portraits 
336 |a text  |b txt  |2 rdacontent 
337 |a unmediated  |b n  |2 rdamedia 
338 |a volume  |b nc  |2 rdacarrier 
490 1 |a Critical perspectives on the past 
504 |a Includes bibliographies. 
650 0 |a Sex customs  |z United States  |x History. 
700 1 |a Peiss, Kathy. 
700 1 |a Leigh, Lora. 
700 1 |a Padgug, Robert A. 
830 0 |a Critical perspectives on the past. 
999 |a MARS 
999 f f |s 12dc0625-b9d2-312c-ae30-04a321a5e957  |i 17df51f3-bf5b-3e8e-9403-4cdae4bd69dc  |t 0 
952 f f |p ric  |a Texas A&M University  |b Rellis Campus  |c Joint Library Facility  |d Remote Storage  |t 0  |e HQ18.U5 P37 1989  |h Library of Congress classification  |i unmediated -- volume  |m A14811760385 
998 f f |a HQ18.U5 P37 1989  |t 0  |l Remote Storage